000 00337nam a22001457a 4500
008 210602b ||||| |||| 00| 0 eng d
020 _a9781853832000
041 _aeng
080 _a338
082 _a338
100 _a53
101 _aMEN
245 _aInterpreting the Precautionary Principle
_cTimothy O'Riordan
942 _2udc
_cBK
999 _c57889
_d57889